Buchstabensalat - Superhelden - Statistiken

Allgemein
  • Dieses Quiz wurde 264 mal gespielt
  • Das Durchschnittsergebnis liegt bei 7 aus 20
Antwortstatistiken
Buchstabensalat Superheld % Korrekt
UAMNAQA Aquaman
84%
CLABK OWIWOD Black Widow
74%
PATCANI MCIAARE Captain America
68%
MBTNAA Batman
54%
NOWRED NWOAM Wonder Woman
52%
TROGO Groot
49%
MISPDARNE Spiderman
49%
IDK LSHAF Kid Flash
47%
RENEG TANELRN Green Lantern
46%
WEEYKAH Hawkeye
41%
UBLE ELTEBE Blue Beetle
36%
OGAMAR Gamora
34%
CODORT TSGNERA Doctor Strange
27%
ULIQIVSKRCE Quicksilver
18%
VARADIELD Daredevil
15%
LUSEGPRIR Supergirl
10%
OTESBOR OGDL Booster Gold
6%
TINAAMR HMNTNERUA Martian Manhunter
5%
ETRFRASI Starfire
5%
TAZNNAA Zatanna
5%
Keine übereinstimmenden Quizze gefunden
Verteilung der Resultate
Anzahl Personen mit jedem Resultat
Perzentil nach korrekt beantworteten Fragen
Ihre Resultats-Entwicklung
Sie haben dieses Quiz noch nicht gespielt